Ce que nous devons aux Mérovingiens (notice n° 1796417)

détails MARC
000 -LEADER
fixed length control field 01437cam a2200133 4500500
005 - DATE AND TIME OF LATEST TRANSACTION
control field 20260329000522.0
041 ## - LANGUAGE CODE
Language code of text/sound track or separate title fre
042 ## - AUTHENTICATION CODE
Authentication code dc
100 10 - MAIN ENTRY--PERSONAL NAME
Personal name Fauquier, Michel
Relator term author
245 00 - TITLE STATEMENT
Title Ce que nous devons aux Mérovingiens
260 ## - PUBLICATION, DISTRIBUTION, ETC.
Name of publisher, distributor, etc. Armand Colin,<br/>
Date of publication, distribution, etc. 2024.<br/>
520 ## - SUMMARY, ETC.
Summary, etc. Révéler la part du patrimoine légué par l’époque mérovingienne franque (Ve-VIIIe s.) à la France, qui ne lui doit pas seulement son nom, mais nombre de ses attributs matériels et immatériels, à commencer par sa forme même, tel est l’objet de ce volume.Car si le patrimoine mérovingien est déterminant pour comprendre certains traits caractéristiques de notre pays (comme la centralité parisienne, jusqu’alors inconnue), il est un fait que cette période s’est effacée de notre mémoire collective, longtemps réduite à un «âge obscur», aux mains des mythiques «rois fainéants».Cet ouvrage réhabilite brillamment ces quatre siècles de règnes mérovingiens en nous en montrant l’originalité, la richesse et le poids (politique, culturel, sociétal, religieux) qu’ils ont eu dans l’histoire de la France. Il met en lumière de grandes figures tels Clovis, le roi Dagobert, saint Martin de Tours ou encore les «femmes puissantes» que sont Brunehaut, sainte Genviève ou Frédégonde.
856 41 - ELECTRONIC LOCATION AND ACCESS
Uniform Resource Identifier <a href="https://shs.cairn.info/ce-que-nous-devons-aux-merovingiens--9782200635510?lang=fr&redirect-ssocas=7080">https://shs.cairn.info/ce-que-nous-devons-aux-merovingiens--9782200635510?lang=fr&redirect-ssocas=7080</a>

Pas d'exemplaire disponible.

PLUDOC

PLUDOC est la plateforme unique et centralisée de gestion des bibliothèques physiques et numériques de Guinée administré par le CEDUST. Elle est la plus grande base de données de ressources documentaires pour les Étudiants, Enseignants chercheurs et Chercheurs de Guinée.

Adresse

627 919 101/664 919 101

25 boulevard du commerce
Kaloum, Conakry, Guinée

Réseaux sociaux

Powered by Netsen Group @ 2025